Revista Dil̀ogo Jurd̕ico

Detalles Bibliográficos
Formato: Desconocido
Lenguaje:inglés
Publicado: Brasil : Dereito publico
Materias:
Acceso en línea:Acceso restringido

MARC

LEADER 00000ny a22000003n 4500
005 20110513104651.0
008 091203s bl 000 eng d
035 |a 4588 
040 |a BUS  |d vLex 
090 |c 1840  |d 1840 
245 0 0 |a Revista Dil̀ogo Jurd̕ico  |h [Recurso electrn̤ico] 
256 |a Servicio en ln̕ea 
260 |a Brasil :  |b Dereito publico 
506 1 |a Contenido solo disponible en los productos indicados  |d vLex Global  |d vLex Global (Academic Edition, excluding Law Schools)  |d vLex Global (U.S. Academic Edition, Law Schools)  |d vLex Global (U.S. Academic Edition, excluding Law Schools)  |d vLex Global (Academic Edition, Law Schools) 
650 0 4 |a Derecho  |x Publicaciones perid̤icas 
740 0 |a vLex Revista (Servicios en ln̕ea) 
843 |a Electrn̤ica. Cerrada 
853 |8 1  |i (year)  |j (month)  |k (day) 
856 4 0 |u http://vlex.com/source/4588  |z Acceso restringido 
942 |c REV